Statistics for Kardashians

Click here to take the quiz!

General Stats

  • This quiz has been taken 37 times
  • The average score is 8 of 15

Answer Stats

HintAnswer% Correct
Show on E!Keeping up with the Kardashians
76%
Kris Jenner oldest grandchildMason Disick
76%
The son of Kris JennerRob Kardashian
76%
Rob Kardashian's ex wife & Dream's mom isBlac Chyna
73%
Kylie Jenner's make up brandKYLIE Cosmetics
70%
Kim Kardashian's clothing brandSKIMS
70%
Kendall Jenner don't know how to cutCucumber
67%
Show on HULUThe Kardashians
67%
Kendall Jenners nickname isKenny
64%
SKKN is brand owned byKim Kardashian
61%
Kylie Jenner's make up artistAriel
48%
Island in French Polinesia where Kim Kardashian lost her 75k$ diamond earring in the oceanBora Bora
27%
Kendall's favourite dog isdoberman
15%
CIAO KIM was collab betweenKim Kardashian and Dolce&Gabanna
0%
Khloe is co-parent withTrashcan Thomspon
0%

Score Distribution

Percentile by Number Answered

Percent of People with Each Score

Your Score History

You have not taken this quiz